00382nam a2200121Ia 4500001000800000005001700008008004100025020001800066245004700084260002000131999002100151952008800172126661220260417145117.0260417s9999 xx 000 0 und d a9789752129504 0aKaranlıkta ParlayanlarcHans - Ake Lılja bAltın Kitaplar c1266612d1266612 00104070a1110b1110d2026-04-17l0p1110244r2026-04-17 14:51:17w2026-04-17yBK